000
00225nam a22000857a 4500
008
170111b xxu||||| |||| 00| 0 eng d
100
_9
2310
_a
Keith. S
245
_a
Frank Social Sciences-8
260
_a
New Delhi
_b
Frank Brothers
_c
2005
999
_c
5228
_d
5228